• 首页
  • 本馆介绍
  • 公告通知
  • 最新文献
  • 馆藏检索
  • 电子资源
  • 读者导购
  • 参考咨询
  • 我的图书馆
  • 登录
  • 详细信息显示
  • 放入我的书架
  • 预约/预借图书
  • 作者相关作品
  • 分类相关作品
  • 丛书相关作品
  • 出版社相关作品

书目信息

  • 表格格式
  • 工作单格式
  • 卡片格式
题名:
北路梆子唱腔音乐研究
    
 
作者: 王九筛 , 武兆鹏 著
分册:  
出版信息: 北京   中国文联出版社  2018
页数: 313页
开本: 26cm
丛书名:
单 册:
中图分类: J643.525
科图分类:
主题词: 北路梆子--唱腔--研究
电子资源:
ISBN: 978-7-5190-3477-1
000 01067nam0 2200253 450
001 012001006842
005 20140101171720.0
010    @a978-7-5190-3477-1@dCNY68.00
100    @a20190202d2018 em y0chiy50 ea
101 0  @achi
102    @aCN@b110000
105    @ag z 000yy
106    @ar
200 1  @a北路梆子唱腔音乐研究@9bei lu bang zi chang qiang yin yue yan jiu@b专著@f王九筛,武兆鹏著
210    @a北京@c中国文联出版社@d2018
215    @a313页@d26cm
300    @a忻州师范学院专题研究项目成果
330    @a本书通过对北路梆子唱腔音乐大量曲例的深入分析、研究,发现并理清了该剧种唱腔音乐的板式分类、曲调结构、调式思维、旋法特点,以及推陈出新的路径、方法、手段等,提出一系列由概念到观点的学术新见,从而在拓展北路梆子音乐研究视界的同时,也拓宽了北路梆子音乐基础理论研究的学科领域,填补了北路梆子音乐既往研究的一些空白。
606 0  @a北路梆子@x唱腔@x研究
690    @aJ643.525@v5
701  0 @a王九筛@9wang jiu shai@f(1954-)@4著
701  0 @a武兆鹏@9wu zhao peng@f(1950-)@4著
801  2 @aCN@b上海新华@c20191020
905    @b1132350-2@dJ643.525@e273@f3
    
    北路梆子唱腔音乐研究/王九筛,武兆鹏著.-北京:中国文联出版社,2018
    313页;26cm
    忻州师范学院专题研究项目成果
    
    ISBN 978-7-5190-3477-1:CNY68.00
    本书通过对北路梆子唱腔音乐大量曲例的深入分析、研究,发现并理清了该剧种唱腔音乐的板式分类、曲调结构、调式思维、旋法特点,以及推陈出新的路径、方法、手段等,提出一系列由概念到观点的学术新见,从而在拓展北路梆子音乐研究视界的同时,也拓宽了北路梆子音乐基础理论研究的学科领域,填补了北路梆子音乐既往研究的一些空白。
●
相关链接 在E读中查询图书 在五车中查询图书 在当当中查询图书 在豆瓣中查询图书


正题名:北路梆子唱腔音乐研究     索取号:J643.525/273         预约/预借

序号 登录号 条形码 馆藏地/架位号 状态 备注
1 1132350   211323502   第一样本阅览室/ [索取号:J643.525/273] 在馆    
2 1132351   211323511   第一借阅区/ [索取号:J643.525/273] 在馆    
3 1132352   211323520   第一借阅区/ [索取号:J643.525/273] 在馆    
唐山师范学院图书馆 欢迎您!
大连网信软件有限公司© 版权所有